000 00349 a2200157 4500
001 189164
020 _a960-379-075-3
040 _cMagnum
100 _aCooper, James Fenimore
240 1 0 _aThe last of the mohicans
_lING
245 1 0 _aThe last of the mohicans
300 _a48
362 0 _a2002
697 _aLITERATURA INGLESA
942 _cBK
999 _c189164
_d189164